Using Microsoft Office 2000 / (Record no. 62015)
[ view plain ]
| 000 -LEADER | |
|---|---|
| fixed length control field | 01793cam a2200457 a 4500 |
| 001 - CONTROL NUMBER | |
| control field | 149963 |
| 003 - CONTROL NUMBER IDENTIFIER | |
| control field | NUST-PNEC |
| 005 - DATE AND TIME OF LATEST TRANSACTION | |
| control field | 20170116180737.0 |
| 008 - FIXED-LENGTH DATA ELEMENTS--GENERAL INFORMATION | |
| fixed length control field | 980709s1999 inua 001 0 eng |
| 010 ## - LIBRARY OF CONGRESS CONTROL NUMBER | |
| LC control number | 98086859 |
| 020 ## - INTERNATIONAL STANDARD BOOK NUMBER | |
| International Standard Book Number | 0789718421 |
| 020 ## - INTERNATIONAL STANDARD BOOK NUMBER | |
| International Standard Book Number | 8120315812 |
| 035 ## - SYSTEM CONTROL NUMBER | |
| System control number | (DLC) 98086859 |
| 040 ## - CATALOGING SOURCE | |
| Transcribing agency | PNEC |
| 050 00 - LIBRARY OF CONGRESS CALL NUMBER | |
| Classification number | HF5548.4.M525 |
| Item number | B6823 1999b |
| 082 00 - DEWEY DECIMAL CLASSIFICATION NUMBER | |
| Classification number | 005.36921 BOT |
| Edition number | 21 |
| 100 1# - MAIN ENTRY--PERSONAL NAME | |
| Personal name | Bott, Ed. |
| 245 10 - TITLE STATEMENT | |
| Title | Using Microsoft Office 2000 / |
| Statement of responsibility, etc. | Ed Bott, Woody Leonhard. |
| 246 30 - VARYING FORM OF TITLE | |
| Title proper/short title | Special edition using Microsoft Office 2000 |
| 246 30 - VARYING FORM OF TITLE | |
| Title proper/short title | Microsoft Office 2000 |
| 246 1# - VARYING FORM OF TITLE | |
| Display text | Title from t.p. of inserted booklet: |
| Title proper/short title | Using WOPR 2000 pack |
| 250 ## - EDITION STATEMENT | |
| Edition statement | Special ed. |
| 260 ## - PUBLICATION, DISTRIBUTION, ETC. | |
| Place of publication, distribution, etc. | Indianapolis, Ind. : |
| Name of publisher, distributor, etc. | Que, |
| Date of publication, distribution, etc. | [c1999] |
| 300 ## - PHYSICAL DESCRIPTION | |
| Extent | xxviii, 1473 p. : |
| Other physical details | ill. ; |
| Dimensions | 23 cm. |
| 500 ## - GENERAL NOTE | |
| General note | Disc includes the WOPR 2000 pack, supplementary chapters from other special edition using books on Office 2000 applications, clip art, trial version of Microsoft Project 98, and more. |
| 500 ## - GENERAL NOTE | |
| General note | Includes index. |
| 630 00 - SUBJECT ADDED ENTRY--UNIFORM TITLE | |
| Uniform title | Microsoft Office. |
| 630 00 - SUBJECT ADDED ENTRY--UNIFORM TITLE | |
| Uniform title | Microsoft Word. |
| 630 00 - SUBJECT ADDED ENTRY--UNIFORM TITLE | |
| Uniform title | Microsoft Excel (Computer file) |
| 630 00 - SUBJECT ADDED ENTRY--UNIFORM TITLE | |
| Uniform title | Microsoft Outlook. |
| 630 00 - SUBJECT ADDED ENTRY--UNIFORM TITLE | |
| Uniform title | Microsoft Access. |
| 630 00 - SUBJECT ADDED ENTRY--UNIFORM TITLE | |
| Uniform title | Microsoft PowerPoint (Computer file) |
| 630 00 - SUBJECT ADDED ENTRY--UNIFORM TITLE | |
| Uniform title | Microsoft Publisher. |
| 630 00 - SUBJECT ADDED ENTRY--UNIFORM TITLE | |
| Uniform title | Microsoft PhotoDraw. |
| 650 #0 - SUBJECT ADDED ENTRY--TOPICAL TERM | |
| Topical term or geographic name entry element | Business |
| General subdivision | Computer , MIS |
| 700 1# - ADDED ENTRY--PERSONAL NAME | |
| Personal name | Leonhard, Woody. |
| 856 ## - ELECTRONIC LOCATION AND ACCESS | |
| Uniform Resource Identifier | <a href="http://www.amazon.com/Special-Using-Microsoft-Office-2000/dp/0789718421/ref=sr_1_1?s=books&ie=UTF8&qid=1417087219&sr=1-1&keywords=USING+MICROSOFT+OFFICE+2000">http://www.amazon.com/Special-Using-Microsoft-Office-2000/dp/0789718421/ref=sr_1_1?s=books&ie=UTF8&qid=1417087219&sr=1-1&keywords=USING+MICROSOFT+OFFICE+2000</a> |
| 906 ## - LOCAL DATA ELEMENT F, LDF (RLIN) | |
| a | 7 |
| b | cbc |
| c | orignew |
| d | 2 |
| e | opcn |
| f | 19 |
| g | y-gencatlg |
| 942 ## - ADDED ENTRY ELEMENTS (KOHA) | |
| Source of classification or shelving scheme | |
| Koha item type | Book |
| Withdrawn status | Lost status | Source of classification or shelving scheme | Damaged status | Not for loan | Permanent Location | Current Location | Shelving location | Date acquired | Source of acquisition | Cost, normal purchase price | Total Checkouts | Full call number | Barcode | Date last seen | Cost, replacement price | Price effective from | Koha item type |
|---|---|---|---|---|---|---|---|---|---|---|---|---|---|---|---|---|---|
| Pakistan Navy Engineering College (PNEC) | Pakistan Navy Engineering College (PNEC) | - | 647.10 | 005.36921 BOT | PNECLIB-022638 | 11/27/2014 | 647.10 | Book |
